000 00499nam a2200205Ia 4500
005 20240823054414.0
008 240823s9999||||xx |||||||||||||| ||und||
020 _a978-81-239-2566-0
041 _aENGLISH
082 _A553.4 Q5
100 _aJohn M Guilbert
245 4 _aThe Geology of Ore Deposits
250 _a1st
260 _c2015
_b"CBS Publishers & Distributors,New "
500 _aYES
650 _aGeology
_bCivil
700 _a Charles F Park
942 _cBK
999 _c226380
_d226380